30/67 : (Record no. 195363)
[ view plain ]
| 000 -LEADER | |
|---|---|
| campo de control de longitud fija | 02150nam a2200373 i 4500 |
| 001 - NÚMERO DE CONTROL | |
| campo de control | 195363 |
| 003 - IDENTIFICADOR DE NÚMERO DE CONTROL | |
| campo de control | SpMaBN |
| 005 - FECHA Y HORA DE LA ÚLTIMA TRANSACCIÓN | |
| campo de control | 20250801155140.0 |
| 008 - DATOS DE LONGITUD FIJA--INFORMACIÓN GENERAL | |
| campo de control de longitud fija | 240606s2022 sp a | |||| 000 p spa |
| 015 ## - NÚMERO DE BIBLIOGRAFÍA NACIONAL | |
| Número de bibliografía nacional | MON22 |
| 017 ## - NÚMERO DE COPYRIGHT O DE DEPÓSITO LEGAL | |
| Número de copyright o de depósito legal | AL 1739-2022 |
| Agencia que asigna | Oficina Depósito Legal Almería |
| 020 ## - NÚMERO INTERNACIONAL ESTÁNDAR DEL LIBRO | |
| Número Internacional Estándar del Libro | 9788411451246 |
| 040 ## - FUENTE DE CATALOGACIÓN | |
| Centro catalogador/agencia de origen | SpMaBN |
| Lengua de catalogación | spa |
| Centro/agencia transcriptor | SpMaBN |
| Normas de descripción | rda |
| Centro/agencia modificador | ES-MaACL |
| 080 ## - NÚMERO DE LA CLASIFICACIÓN DECIMAL UNIVERSAL | |
| Número de la Clasificación Decimal Universal | 821.134.2-14"19" |
| 100 ## - ENTRADA PRINCIPAL--NOMBRE DE PERSONA | |
| Nombre de persona | Gaitán Pacheco, Ricardo, |
| Fechas asociadas al nombre | 1954- |
| Término indicativo de función/relación | Autor |
| 9 (RLIN) | 236892 |
| 245 10 - MENCIÓN DEL TÍTULO | |
| Título | 30/67 : |
| Resto del título | Poemas sombra / |
| Mención de responsabilidad, etc. | Ricardo Gaitán Pacheco |
| 250 ## - MENCION DE EDICION | |
| Mención de edición | Primera edición: abril 2022 |
| 264 #1 - PRODUCCIÓN, PUBLICACIÓN, DISTRIBUCIÓN, FABRICACIÓN Y COPYRIGHT | |
| Producción, publicación, distribución, fabricación y copyright | [Roquetas de Mar] : |
| Nombre del de productor, editor, distribuidor, fabricante | Círculo Rojo Editorial, |
| Fecha de producción, publicación, distribución, fabricación o copyright | [2022]. |
| 300 ## - DESCRIPCIÓN FÍSICA | |
| Extensión | 136 páginas : |
| Otras características físicas | ilustraciones (color) ; |
| Dimensiones | 21 cm |
| 336 ## - TIPO DE CONTENIDO | |
| Término de tipo de contenido | Texto |
| Fuente | rdacontent |
| 337 ## - TIPO DE MEDIO | |
| Nombre/término del tipo de medio | sin mediación |
| Fuente | rdamedia |
| 338 ## - TIPO DE SOPORTE | |
| Nombre/término del tipo de soporte | volumen |
| Fuente | rdacarrier |
| 520 ## - RESUMEN, ETC. | |
| Sumario, etc. | 30/67 Poemas sombra es un libro de poesías sobre el desamor. Después de su primer poemario, 22/65 Poemas luz, —escrito con 65 años tras una larga trayectoria profesional en la que publicó numerosos artículos y libros técnicos— en el que en 22 poemas reflejaba los sentimientos amorosos de una persona madura, en esta ocasión, a sus 67 años, expresa el desgarro que produce el final no querido de una relación amorosa. Además, incluye en el libro una portada y las correspondientes portadillas de cada poema pintadas en acuarela por él mismo para esta ocasión, dando así rienda suelta a su afición por la pintura, eternamente pospuesta por sus obligaciones profesionales. |
| 655 #0 - TERMINO DE INDIZACIÓN--GENERO/FORMA | |
| Datos o término principal de género/forma | Poesías amorosas |
| 9 (RLIN) | 236893 |
| 700 ## - ENTRADA AGREGADA--NOMBRE PERSONAL | |
| Nombre de persona | Gaitán Pacheco, Ricardo, |
| Fechas asociadas al nombre | 1954- |
| Término indicativo de función/relación | Ilustrador |
| 9 (RLIN) | 236892 |
| 852 ## - LOCALIZACIÓN | |
| Ubicación | ES-MaACL |
| Ubicación en estantería | Depósito J |
| Número de control de estantería | N-10012 |
| Anotaciones manuscritas | Dedicatoria autógrafa del autor |
| Donativo/Legado | Donación: Ricardo Gaitán Pacheco |
| Encuadernación | Encuadernación rústica con solapas |
| itemnumber | 206158 |
| 903 ## - NOMBRE PERSONAL DE DONANTE | |
| a | Gaitán Pacheco, Ricardo, |
| d | 1954- |
| e | Donante |
| 9 | 236892 |
| 942 ## - ELEMENTOS DE ENTRADA SECUNDARIOS (KOHA) | |
| Tipo de ítem Koha | Libro impreso |
| Suprimir en OPAC | No |
| Estatus retirado | Estado de pérdida | Fuente del sistema de clasificación o colocación | Estado de daño | No para préstamo | Colección | Biblioteca de origen | Biblioteca actual | Ubicación en estantería | Fecha de adquisición | Fuente de adquisición | Total de préstamos | Signatura topográfica completa | Código de barras | Visto por última vez | Precio de reemplazo | Tipo de ítem Koha |
|---|---|---|---|---|---|---|---|---|---|---|---|---|---|---|---|---|
| Clasificación decimal universal | Libros con dedicatorias | Biblioteca del Ateneo de Madrid | Biblioteca del Ateneo de Madrid | Depósito J | 07/07/2025 | Donación | N-10012 | 2025-0551 | 07/07/2025 | 07/07/2025 | Libro impreso |
